Statystyki dla Quiz - początki USA

Kliknij tutaj aby rozwiązać quiz!

Ogólne statystyki

  • Ten quiz został rozwiązany 30 razy
  • Średni wynik to 7 z 30

Statystyki odpowiedzi

PytanieOdpowiedź% Poprawnych
Czy Indianie mieli prawa obywatelskie?Nie
63%
W którym roku miała miejsce ,, herbatka bostońska''?1773
58%
Czy konstytucja zniosła niewolnictwo czarnoskórych?Nie
54%
Kto został pierwszym władcą USA?Jerzy Waszyngton
42%
Stany Zjednoczone stały się nie monarchią, lecz _________.republiką
42%
Jaki kraj rywalizował o kolonie z Anglią i był po stronie Amerykanów?Francja
38%
Kto był głową państwa?Prezydent
38%
W którym roku Stany Zjednoczone uchwaliły swoją Konstytucję?1787
33%
W którym roku się zakończyła wojna?1783
29%
Jako którzy Amerykanie uchwalili konstytucję?Jako pierwsi
29%
Dowódca, Polak, zginął w bitwie pod Savannah, były konfederat barski- kto to?Kazimierz Pułaski
29%
W którym roku odbył się Kongres Kontynentalny?1774
25%
Nowe państwo przyjęło formę__________wszystkich stanów.federacji
21%
Dowódca, budowniczy znakomitych fortyfikacji np. West Point, gorliwie domagał się zniesienia niewolnictwa czarnoskórych- kto to?Tadeusz Kościuszko
21%
Za kogo byli przebrani biali koloniści podczas ,,herbatkl bostońskiej''?Za Indian
21%
Polityk, dyplomata, przyczynił się do utworzenia Karty Praw, wynalazca- kto to?Benjamin Franklin
17%
Jakie kraje miały największe kolonie w Ameryce Północnej ( wymień 3)?Francja, Anglia, Hiszpania
17%
Kto był głównodowodzącym wojsk kolonii?Jerzy Waszyngton
17%
Jaki organ posiadał władzę ustawodawczą?Kongres
17%
Jaki organ stanowił najwyższą władzę sądowniczą?Sąd Najwyższy
17%
Jaki ważny dokument został wydany w 1776r.?Deklaracja niepodległości Stanów Zjednoczonych
13%
Który organ stanowił władzę wykonawczą?Prezydent
13%
Jakie święto jest obchodzone corocznie w USA, na pamiątkę ogłoszenia niepodległości 13 kolonii?Święto dziękczynienia
13%
W jakich latach toczyła się rewolucja amerykańska?1776-1783
8%
Jak nazywa się siedziba Kongresu?Kapitol
8%
Gdzie odbyło się pierwsze starcie pomiędzy Anglikami,a mieszkańcami kolonii?Pod Lexington
4%
Gdzie Amerykanie odnieśli swoje najcenniejsze zwycięstwo?Pod Saragotą
4%
Jak nazwano pierwsze 10 uzupełnień konstytucji?Karta Praw
0%
Gdzie rozegrała się bitwa z dni 28.09-17.10.1781 r.?Pod Yorktown
0%
Kto zwołał komitet, który uchwalił Deklarację Niepodległosci Stanów Zjednoczonych?Tomasz Jefferson
0%

Rozkład punktacji

Percentyl według liczby udzielonych odpowiedzi

Procent ludzi z każdym wynikiem

Twoja historia wyników

Nie rozwiązałeś tego quizu